[Event "Lisbon Check Mate op 3rd"]
[Site "Lisbon"]
[Date "2015.08.08"]
[Round "1"]
[White "Stelian, Turta"]
[Black "Guerreiro, Helder Campos"]
[Result "1-0"]
[WhiteElo "1905"]
[BlackElo "1495"]
[PlyCount "48"]
[EventDate "2015.08.08"]
[EventType "swiss"]
[EventRounds "7"]
[EventCountry "POR"]
[SourceTitle "EXT 2017"]
[Source "ChessBase"]
[SourceDate "2016.10.25"]
[SourceVersion "1"]
[SourceVersionDate "2016.10.25"]
[SourceQuality "1"]

1. Nf3 d5 2. d4 Nc6 3. Bg5 Bg4 4. Nbd2 h6 5. Bh4 g6 6. h3 Bd7 7. e3 Bg7 8. c3 Nf6 9. Qb3 0-0 10. Bxf6 Bxf6 11. Qxd5 Be6 12. Qb5 a6 13. Qa4 Bd7 14. Qc2 e5 15. Bc4 exd4 16. cxd4 b5 17. Qxg6+ Bg7 18. Bb3 Qc8 19. a3 Bf5 20. Qxc6 Bd3 21. Rc1 Ra7 22. Qc5 Rb7 23. Bd5 c6 24. Qxc6 Rc7 1-0

[Event "Almada op 3rd"]
[Site "Almada"]
[Date "2007.??.??"]
[Round "3"]
[White "Guerreiro, Helder Campos"]
[Black "Silva, Miguel"]
[Result "0-1"]
[WhiteElo "1548"]
[BlackElo "1683"]
[PlyCount "52"]
[EventDate "2007.??.??"]
[EventType "swiss"]
[EventRounds "7"]
[EventCountry "POR"]
[SourceTitle "EXT 2010"]
[Source "ChessBase"]
[SourceDate "2010.11.25"]
[SourceVersion "1"]
[SourceVersionDate "2010.11.25"]
[SourceQuality "1"]

1. d4 Nf6 2. Nf3 g6 3. c3 d6 4. Bf4 Bg7 5. Nbd2 0-0 6. e4 Nbd7 7. Qc2 Nh5 8. Be3 e5 9. 0-0-0 Re8 10. Be2 Nf4 11. Bxf4 exf4 12. g3 fxg3 13. hxg3 Nf6 14. Rh4 h5 15. Nh2 Bh6 16. Nhf3 Bg4 17. Kb1 Nxe4 18. Nxe4 Rxe4 19. Ng1 Bxe2 20. Nxe2 Rxh4 21. gxh4 Qxh4 22. Ng3 Re8 23. Rg1 Qe7 24. Nf5 Qe1+ 25. Rxe1 Rxe1+ 26. Qc1 Rxc1# 0-1